| 000 | 00891cam a2200253 4500 | ||
|---|---|---|---|
| 001 | X122287 | ||
| 008 | 030117n2003 000 0 eng u | ||
| 035 | _a(Sirsi) u122287 | ||
| 100 | _aChallinor, P. | ||
| 245 | _aSupporting the Olympic team | ||
| 260 | _c2003 | ||
| 490 |
_aRICS Management Consultancy Faculty Feature _v7 February 2003 (2) |
||
| 520 | _aFeature calling on RICS members to support a bid to host in Olympic Games in London. Argues that this could be a vehicle for a major urban regeneration process in the Thames Gateway. | ||
| 650 |
_aSustainability _96271 |
||
| 650 | _aPLANNING PROCESS | ||
| 650 | _aATHENS | ||
| 650 |
_aInfrastructure _96246 |
||
| 650 | _aENVIRONMENTAL IMPACT | ||
| 650 | _aLONDON 2012 OLYMPIC BID | ||
| 650 | _aOLYMPIC GAMES | ||
| 650 | _aEVENTS | ||
| 690 | _aENVIRONMENTAL AND LAND CONSULTANCY-PLANNING AND DEVELOPMENT | ||
| 942 | _n0 | ||
| 999 |
_c102813 _d102813 |
||